Fr. Conceicao Rodrigues College of Engineering

Virtual reality madness & more (Record no. 19282)

MARC details
000 -LEADER
fixed length control field 00283nam a2200121Ia 4500
082 ## - DEWEY DECIMAL CLASSIFICATION NUMBER
Classification number 5.43
Item number WOD/BR
100 ## - MAIN ENTRY--PERSONAL NAME
Personal name Wodaski R/ Brown-Wodaski D
245 ## - TITLE STATEMENT
Title Virtual reality madness & more
260 ## - PUBLICATION, DISTRIBUTION, ETC.
Name of publisher, distributor, etc. SAMS
Place of publication, distribution, etc. Indiana polis
Date of publication, distribution, etc. 1994
300 ## - PHYSICAL DESCRIPTION
Extent 910
546 ## - LANGUAGE NOTE
Language note ENGLISH
942 ## - ADDED ENTRY ELEMENTS (KOHA)
Koha item type Reference Book
Holdings
Withdrawn status Lost status Damaged status Not for loan Collection Home library Current library Shelving location Date acquired Source of acquisition Cost, normal purchase price Inventory number Total Checkouts Full call number Barcode Date last seen Cost, replacement price Price effective from Koha item type
        CRC Fr. Agnel's C.Rodrigues College of Engineering Fr. Agnel's C.Rodrigues College of Engineering   17/03/2023 global books 1712.59 28   5.43 WOD/BR 8208 17/03/2023 1712.59 17/03/2023 Reference Book